[Event "Aragon-chT Preferente Gr II"]
[Site "Aragon"]
[Date "2023.03.18"]
[Round "8.57"]
[White "San Lazaro Lorente, David"]
[Black "Gutierrez Mingueza, Ruben"]
[Result "1/2-1/2"]
[WhiteElo "1773"]
[BlackElo "2009"]
[PlyCount "60"]
[EventDate "2023.01.28"]
[EventType "team-tourn"]
[EventRounds "9"]
[EventCountry "ESP"]
[SourceTitle "EXT 2024"]
[Source "ChessBase"]
[SourceDate "2023.10.10"]
[SourceVersion "1"]
[SourceVersionDate "2023.10.10"]
[SourceQuality "1"]
[WhiteTeam "Tauste"]
[BlackTeam "San Jose"]
[WhiteTeamCountry "ESP"]
[BlackTeamCountry "ESP"]

1. e4 c5 2. Nc3 Nc6 3. Bb5 g6 4. Bxc6 dxc6 5. f4 Bg7 6. Nf3 Nf6 7. 0-0 0-0 8. d3 Bg4 9. Qe1 Bxf3 10. Rxf3 c4 11. Qh4 cxd3 12. Rxd3 Qb6+ 13. Qf2 Qxf2+ 14. Kxf2 Rfd8 15. h3 Ne8 16. Be3 Bxc3 17. Rxc3 Nd6 18. Kf3 f5 19. e5 Nb5 20. Rd3 Rxd3 21. cxd3 Rd8 22. Rd1 Kf7 23. Ke2 Rd5 24. h4 h5 25. Rc1 Ke6 26. Rc2 Kd7 27. a4 Nd4+ 28. Bxd4 Rxd4 29. Rc4 Rxc4 30. dxc4 c5 1/2-1/2

[Event "Aragon-chT Preferente Gr II"]
[Site "Aragon"]
[Date "2023.03.11"]
[Round "7.72"]
[White "Jaime Galeano, Alcher"]
[Black "San Lazaro Lorente, David"]
[Result "1-0"]
[WhiteElo "1589"]
[BlackElo "1773"]
[PlyCount "77"]
[EventDate "2023.01.28"]
[EventType "team-tourn"]
[EventRounds "9"]
[EventCountry "ESP"]
[SourceTitle "EXT 2024"]
[Source "ChessBase"]
[SourceDate "2023.10.10"]
[SourceVersion "1"]
[SourceVersionDate "2023.10.10"]
[SourceQuality "1"]
[WhiteTeam "Casablanca MyInvestor III"]
[BlackTeam "Tauste"]
[WhiteTeamCountry "ESP"]
[BlackTeamCountry "ESP"]

1. e4 e6 2. d4 d5 3. Nd2 Nf6 4. e5 Nfd7 5. c3 c5 6. f4 cxd4 7. cxd4 Nc6 8. Ndf3 Qb6 9. Ne2 Bb4+ 10. Bd2 0-0 11. g3 a6 12. Bh3 Bxd2+ 13. Qxd2 Qb4 14. Nc3 Nb6 15. Rb1 Nc4 16. Qf2 Qa5 17. 0-0 b5 18. g4 b4 19. Ne2 Qxa2 20. f5 Qb3 21. f6 Qe3 22. g5 a5 23. Rfc1 Qxf2+ 24. Kxf2 Bb7 25. Nf4 Nb6 26. Bf1 Rac8 27. Bd3 g6 28. h4 b3 29. Rh1 Nb4 30. h5 Nxd3+ 31. Nxd3 Rc2+ 32. Kg3 Nc4 33. hxg6 fxg6 34. Nf4 Bc8 35. Rh3 Rxb2 36. Rbh1 Nd2 37. Nxd2 Rxd2 38. Rxh7 Rd8 39. Rg7+ 1-0

[Event "Aragon-chT Honor Descenso"]
[Site "Aragon"]
[Date "2018.03.17"]
[Round "8.28"]
[White "San Lazaro Lorente, David"]
[Black "Gella Lopez, Angel"]
[Result "1/2-1/2"]
[WhiteElo "1846"]
[BlackElo "2110"]
[PlyCount "51"]
[EventDate "2018.03.17"]
[EventType "team-tourn"]
[EventRounds "10"]
[EventCountry "ESP"]
[SourceTitle "EXT 2019"]
[Source "ChessBase"]
[SourceDate "2018.10.10"]
[SourceVersion "1"]
[SourceVersionDate "2018.10.10"]
[SourceQuality "1"]
[WhiteTeam "Tauste"]
[BlackTeam "Huesca Club Atletismo"]
[WhiteTeamCountry "ESP"]
[BlackTeamCountry "ESP"]

1. d4 d5 2. Nf3 Nf6 3. e3 e6 4. Bd3 c5 5. c3 Bd6 6. Nbd2 Nc6 7. 0-0 0-0 8. dxc5 Bxc5 9. e4 Qc7 10. exd5 exd5 11. Nb3 Bd6 12. h3 Re8 13. Be3 Ne4 14. Nbd4 a6 15. Bc2 Ne5 16. Nxe5 Bxe5 17. Nf3 Nf6 18. Nxe5 Qxe5 19. Bd4 Qg5 20. Bxf6 gxf6 21. Qd3 Qh5 22. Rfe1 Bd7 23. Qg3+ Qg5 24. Qxg5+ fxg5 25. Bb3 Bc6 26. f3 1/2-1/2